Der Bau und der Betrieb der Kupolöfen Band 2 Der Betrieb der Kupolöfen
Saved in:
| Main Author: | |
|---|---|
| Format: | Book |
| Language: | German |
| Published: |
Halle :
Verlag von Wilhelm Knapp,
1937.
|
| Edition: | 1. Aufl. |
| Series: | Die Betriebspraxis der Eisen-Stahl- und Metallgiesserei
Heft 20 |
| ISBN: |
(viaz.) |
| Physical Description: |
235 s. : 39 obr., 41 tab. |
| Tags: |
Add Tag
No Tags, Be the first to tag this record!
|
Titul je dostupný aj v ... 

MARC
| LEADER | 00000nam a2200000 a 4500 | ||
|---|---|---|---|
| 001 | 000410018 | ||
| 005 | 20121113144015.0 | ||
| 008 | 121113s1937 ger e ger d | ||
| 020 | |a (viaz.) | ||
| 040 | |a SVKKK |b slo |c SVKKK |e AACR2 | ||
| 041 | 0 | |a ger | |
| 044 | |a gw |c DE | ||
| 100 | 1 | |a Schmid, Leopold |4 aut | |
| 245 | 0 | |a Der Bau und der Betrieb der Kupolöfen |n Band 2 |p Der Betrieb der Kupolöfen |c Leopold Schmid. | |
| 250 | |a 1. Aufl. | ||
| 260 | |a Halle : |b Verlag von Wilhelm Knapp, |c 1937. | ||
| 300 | |a 235 s. : |b 39 obr., 41 tab. | ||
| 490 | 1 | |a Die Betriebspraxis der Eisen-Stahl- und Metallgiesserei |v Heft 20 | |
| 504 | |a Literatúra | ||
| 504 | |a Register | ||
| 830 | 0 | |a Die Betriebspraxis der Eisen-Stahl- und Metallgiesserei |v Heft 20 | |
| 910 | |a svkkk | ||
| 998 | |a BK | ||
| 090 | |g SCKHL |k Sklad Pribinova 1. posch. |a IV0.8379 |j 042601 |i 2720259854 |s Prezenčne | ||